01156cam a22003375a 4500001001000000003000400010005001700014008004100031015001900072020002500091020002200116040004000138082002300178100003900201245003700240246004200277260003800319300002900357490003000386500002000416650006500436651001000501653002400511655002400535942001700559999001700576336002600593337002800619338002700647952014400674015720066OSt20240818093012.0101214t2011 nyua fr 001 0 eng d aGBB1004712bnb a9780071756037 (pbk.) a0071756035 (pbk.) aStDuBDSbengcStDuBDSdUkdEG-ScBUE04a515.63076bKAY2221 aKay, David C.,‏d1933-‏94131510aTensor calculus /cDavid C. Kay.33aSchaum’s outline of Tensor calculus aNew York :bMcGraw-Hill,cc.2011. a228 p. :bill. ;c28 cm.0 aSchaum’s outline series aIncludes index. 7aCalculus of tensorsvProblems, exercises, etc.2BUEsh941261 2BUEsh bENGELCcOctober2016 vReading book934232 2ddchRDA-MOD c22450d22422 2rdacontentatextbtxt aunmediated2rdamediabn avolumebnc2rdacarrier 00102ddc40708BaccahaMAINbMAINc1STd2016-10-04ePurchaseg100.00l2m4o515.63076 KAYp000033796r2025-07-15 00:00:00s2025-05-22yBB